1350 1870 1581 1908 1076 1794 1839 1976 1968 1850 1150 1850 1100 1110 1924 1729 1905 1083 1923 1334 1227 1984 1297 1344 1081 1083 1024 1059 1873 1372 1181 1068 1699 1571 1143 1621 1033 1436 1563 1595 1974 1876 1612 1123 1104 1280 1597 1371 1501 1918 1849 1014 1142 1212 1231 1349 1485 1203 1159 1581 1823 1549 1209 1716 1864 1354 1172 1594 1821 1019 1613 1257 1594 1195 1788 1016 1637 1030 1486 1557 1380 1062 1280 1867 1462 1153 1255 1172 1871 1603 1143 1269 1185 1627 1047 1021 1094 1980 1739 BCNSPRNW ULIB Ver.6.0+V

เปลี่ยนเป็นภาษาไทย

Change to English
 แสดงรายละเอียดบรรณานุกรม
  กลับหน้าหลัก

Brief Record : Get Marc (ISO 2709) : E-mail record : QR code < ปิดหน้าต่าง
LEADER : 00000nam 2200000uu 4500
001    13399122267
003     ULIB
008    130121s2550||||th 000 0 tha d
020    9789749556696
050  4 PL4185^bม453พ
100 0  มานิต มานิตเจริญ
245 00 พจนานุกรมไทย ฉบับสมบูรณ์-ปรับปรุงใหม่^cมานิต มานิตเจริญ
260    กรุงเทพฯ:^bรวมสาส์น,^c2550
945    ^p380^l0^i024368
995    เกษร
999    ^aศิริพร
รายการนี้ยังไม่มีแท็ก
คุณยังไม่ได้ล็อกอิน คุณสามารถมีกิจกรรมร่วมกับเว็บไซต์ได้ แต่ต้องล็อกอินก่อน ::
  ล็อกอิน

รายการสื่อสารสนเทศ

ลำดับที่ ประเภท เลขเรียก/บาร์โค้ด สถานที่ สถานะ
- ไม่พบข้อมูล -

BibComment


ยังไม่เคยถูกคอมเมนท์

คอมเมนท์ทรัพยากรรายการนี้
  คอมเมนท์: พจนานุกรมไทย ฉบับ..


 Copyright 2026. Bcnsprnw @Library